Ekologie člověka

Na minha lista:
Detalhes bibliográficos
Autor principal: Hajn, Václav (Author)
Formato: Livro
Idioma:tcheco
Publicado em: Olomouc : Univerzita Palackého v Olomouci, 1999
Edição:3. dopl. a přepr. vyd
Assuntos:
Tags: Adicionar Tag
Sem tags, seja o primeiro a adicionar uma tag!

MARC

LEADER 00000nam a22000003a 4500
001 stu176552
005 20150617225609.0
008 081202s1999----xr------------------cze-d
020 |a 80-7067-963-8 
040 |a STU  |b slo 
041 0 |a cze 
044 |a xr 
080 |a 502.5 
080 |a 504(075.8)  |7 stu_us_auth*stu2820 
100 1 |a Hajn, Václav  |4 aut 
245 1 |a Ekologie člověka 
250 |a 3. dopl. a přepr. vyd 
260 |a Olomouc :  |b Univerzita Palackého v Olomouci,  |c 1999 
300 |a 235 s 
650 7 |a ekológia  |2 stusub 
650 7 |a životné prostredie  |2 stusub 
996 |b 284M069397  |c M*S-1430-1  |l MMKN  |s A  |a 24  |w stu176552_0001